| 000 | 01324nam a2200385 a 4500 | ||
|---|---|---|---|
| 001 | ebr10217012 | ||
| 003 | CaPaEBR | ||
| 006 | m u | ||
| 007 | cr cn||||||||| | ||
| 008 | 070605s2008 nbu s s000 1 eng | ||
| 010 | _z 2007023271 | ||
| 015 |
_aGBA808987 _2bnb |
||
| 016 | 7 |
_z014500360 _2Uk |
|
| 020 | _z9780803215887 | ||
| 020 | _z0803215886 | ||
| 040 |
_aCaPaEBR _cCaPaEBR |
||
| 035 | _a(OCoLC)614570990 | ||
| 043 | _an-us-mt | ||
| 050 | 1 | 4 |
_aPS3552.L46 _bJ33 2008eb |
| 082 | 0 | 4 |
_a813/.54 _222 |
| 100 | 1 |
_aBlew, Mary Clearman, _d1939- |
|
| 245 | 1 | 0 |
_aJackalope dreams _h[electronic resource] / _cMary Clearman Blew. |
| 260 |
_aLincoln : _bUniversity of Nebraska Press, _cc2008. |
||
| 300 | _a390 p. | ||
| 490 | 1 | _aFlyover fiction | |
| 533 |
_aElectronic reproduction. _bPalo Alto, Calif. : _cebrary, _d2013. _nAvailable via World Wide Web. _nAccess may be limited to ebrary affiliated libraries. |
||
| 650 | 0 |
_aRetired teachers _vFiction. |
|
| 650 | 0 |
_aParent and adult child _vFiction. |
|
| 650 | 0 |
_aSuicide _vFiction. |
|
| 651 | 0 |
_aMontana _vFiction. |
|
| 655 | 7 |
_aElectronic books. _2local |
|
| 710 | 2 | _aebrary, Inc. | |
| 830 | 0 | _aFlyover fiction. | |
| 856 | 4 | 0 |
_uhttp://site.ebrary.com/lib/rucke/Doc?id=10217012 _zAn electronic book accessible through the World Wide Web; click to view |
| 999 |
_c231494 _d231494 |
||